000 00722nam a2200241Ia 4500
003 OSt
005 20220926034902.0
006 a|||||r|||| 00| 0
007 ta
008 220923b |||||||| |||| 00| 0 eng d
037 _cGeneral Book
040 _aRTL
_cRTL
_beng
041 _2eng
_aeng
082 _aX:54.3.L, A
100 _aDekker Mathew
_9341385
245 0 _aEssay on the causes of the declin of the foreign t
260 _aYorkshire
_bS R Publisher
_c1744
300 _a112p.
_ccm.
490 _aReprints of classic English works on the history and development of economic thought
650 _aTrade
942 _hX:54.3.L, A
_cGB
_2CC
999 _c660684
_d660684